000 01755nam a22001577a 4500
041 _aukr
080 _a09
090 _bМЕЛ
100 _aМельник, К. А.
245 _aМовні засоби вираження функціонально-семантичного поля "краса" в англійській мові
260 _aОстрог
_bКАФ
_c2014
300 _a89
520 _aВступ. Розділ І. Теоретико-методологічні засади аналізу функціонально-семантичного поля. 1.1. Загальна теорія розвитку функціональних вчень 1.2. Аспекти категоризації у системі функціональних вчень 1.3. "Компонентний аналіз" як провідний метод дослідження функціонально-семантичного поля 1.4. Лексико-семантичне та функціонально-семантичне поле 1.5. Системні ознаки функціонально-семантичного поля Розділ ІІ. Функціонально-семантичне поле "краси". 2.1. Краса як філософська та естетична категорія 2.2. Аналіз мовних засобів вираження "краси" методом словникових дефініцій та компонентного аналізу 2.3. Мовні засоби вираження краси Висновки. Список використаних джерел. Додатки.
_0функціонально-семантичне поле, краса
650 _aResearch Papers
999 _c285412
_d285412
942 _cBK